Movies by Three Unnamed Characters IV Quiz Stats

 Plays Quiz Updated Jun 29, 2017

Support Sporcle.
Go Orange.
Score 0/20 Timer 05:00
0 Plays Today
% Correct
Ratatouille
95.2%
Shaun of the Dead
95.1%
Pearl Harbor
93.3%
2001: A Space Odyssey
92.8%
The Fast and the Furious
90.3%
The Verdict
88.9%
Up in the Air
85.9%
Austin Powers: International Man of Mystery
83.8%
Bring It On
83.4%
Saturday Night Fever
82.8%
% Correct
The Great Gatsby
82.5%
The Hangover
81.8%
Tron
80.9%
Searching for Bobby Fischer
80.7%
Elizabeth
79.5%
The Big Short
76.2%
American Graffiti
69.8%
Divergent
68.1%
Eat Pray Love
60.7%
Rent
56%

You're not logged in!

Compare scores with friends on all Sporcle quizzes.
OR
Log In

From the Vault

Sporcle's Easiest Gaming

by Flick

It's called the 'easiest' gaming quiz on Sporcle for a reason.
Remove Ads.
Support Sporcle.
Get the best of Sporcle when you Go Orange. This ad-free experience offers more features, more stats, and more fun while also helping to support Sporcle. Thank you for becoming a member.

Show Comments

Extras

Top Quizzes Today


Score Distribution

Your Account Isn't Verified!

In order to create a playlist on Sporcle, you need to verify the email address you used during registration. Go to your Sporcle Settings to finish the process.

Report this User

Report this user for behavior that violates our Community Guidelines.

Details: